Most common female names starting with B - Statistics

General Stats
  • This quiz has been taken 253 times
  • The average score is 28 of 100
Answer Stats
Hint Answer % Correct
21 Bella
83%
1 Barbara
79%
2 Brenda
76%
47 Bria
75%
9 Beth
73%
4 Betty
73%
80 Belle
72%
5 Brianna
66%
14 Bethany
61%
25 Beatrice
60%
7 Bonnie
60%
22 Belinda
59%
29 Bertha
57%
24 Billie
55%
3 Brittany
55%
19 Bianca
53%
11 Bailey
50%
31 Betsy
50%
15 Briana
48%
16 Bridget
48%
61 Brook
47%
84 Barbra
46%
20 Becky
45%
41 Brianne
45%
38 Bessie
42%
6 Beverly
40%
8 Brooke
40%
10 Brooklyn
40%
32 Britney
39%
27 Bernice
36%
45 Blake
36%
39 Bobbi
35%
42 Blair
33%
68 Bree
33%
74 Bryn
33%
88 Brea
32%
26 Brielle
32%
28 Bernadette
31%
55 Bettie
31%
86 Bobby
31%
12 Brandy
31%
69 Brigitte
30%
34 Brynn
30%
23 Bobbie
27%
98 Bonny
27%
89 Baby
26%
66 Blanche
26%
51 Briella
26%
18 Brittney
26%
36 Blanca
22%
13 Brandi
21%
85 Breann
21%
33 Brenna
21%
53 Bridgett
21%
37 Bridgette
21%
35 Bonita
20%
17 Breanna
20%
46 Blakely
19%
57 Bette
18%
78 Blaire
18%
77 Britany
18%
75 Beverley
17%
99 Blythe
17%
82 Brigid
17%
30 Brooklynn
17%
64 Breanne
14%
56 Breana
13%
87 Briar
13%
49 Bailee
12%
97 Bambi
12%
62 Benita
12%
52 Brinley
12%
63 Bristol
12%
43 Brynlee
12%
92 Bettina
11%
54 Brittani
11%
44 Bryanna
11%
48 Beatriz
10%
70 Beulah
10%
50 Brandie
10%
94 Bayleigh
8%
81 Bryana
8%
40 Baylee
7%
73 Berenice
7%
60 Braelyn
7%
100 Brittanie
7%
95 Berkley
6%
76 Braylee
6%
59 Brylee
6%
72 Bernadine
5%
79 Briley
5%
83 Brittni
5%
67 Braelynn
4%
90 Brigette
4%
91 Brandee
3%
58 Belen
2%
65 Bettye
2%
96 Brionna
2%
71 Brisa
2%
93 Breonna
1%
No matching quizzes found
Score Distribution
Percent of People with Each Score
Percentile by Number Answered
Your Score History
You have not taken this quiz